Представление документа в формате RUSMARC

ПолеНазваниеЗначение
  Тип записи a
  Библиографический уровень c
001 Контрольный номер RU/IS/BASE/497464176
005 Дата корректировки 20201206204954.7
010 Индекс ISBN __
a ISBN 978-5-9949-0663-7 (в обл.)
d Цена 101-87
100 Данные общей обработки __
a Данные общей обработки 19151006d2015||||||| 0rusy0189 ca
101 Язык документа 0_
a Язык текста rus
102 Страна публикации __
a Страна публикации RU|
105 Кодированные данные (монография) __
a Кодированные данные (монография) ||||||||000zy
200 Заглавие и сведения об ответственности 1_
a Заглавие Зимние детские праздники
e Сведения, относящиеся к заглавию сценарии с нотным приложением
f Первые сведения об ответственности М. Ю. Картушина
b Общее обозначение материала Текст
210 Выходные данные __
a Место издания Москва
c Издательство Творческий центр Сфера
d Дата издания 2015
215 Физическое описание __
a Объем 125, [2] с.
d Формат 20 см
225 Серия __
a Серия Праздники в детском саду
300 Общие примечания __
a Общие примечания 4000 экз.
320 Библиография __
a Библиография Библиография: с.125-126
327 Примечание о содержании __
a Примечание о содержании Девочка-Снегурочка
327 Примечание о содержании __
a Примечание о содержании Колокольчик ледяной всех зовет на елку
327 Примечание о содержании __
a Примечание о содержании Превращения Деда Мороза
327 Примечание о содержании __
a Примечание о содержании Снежная Королева
327 Примечание о содержании __
a Примечание о содержании Пряничная избушка
327 Примечание о содержании __
a Примечание о содержании День рождения Бабы Яги
327 Примечание о содержании __
a Примечание о содержании Сказки про мышку
327 Примечание о содержании __
a Примечание о содержании Путешествие к дереву грамоты
327 Примечание о содержании __
a Примечание о содержании Санный праздник
327 Примечание о содержании __
a Примечание о содержании Как Зима с Весной силой мерялись
330 Аннотация __
a Аннотация В пособии представлены сценарии зимних праздников для детей дошкольного возраста и нотное приложение к ним. В основе праздников лежит сюжетная линия, объединяющая действующих персонажей и весь музыкальный и игровой материал в единое целое. Сборник адресован воспитателям и музыкальным руководителям детских садов, учителям начальной школы, преподавателям подготовительной группы детских школ искусств, педагогам дополнительного образования и учителям музыки.
517 Другие варианты заглавия __
a Другие варианты заглавия Девочка-Снегурочка
517 Другие варианты заглавия __
a Другие варианты заглавия Колокольчик ледяной всех зовет на елку
517 Другие варианты заглавия __
a Другие варианты заглавия Превращения Деда Мороза
517 Другие варианты заглавия __
a Другие варианты заглавия Снежная Королева
517 Другие варианты заглавия __
a Другие варианты заглавия Пряничная избушка
517 Другие варианты заглавия __
a Другие варианты заглавия День рождения Бабы Яги
517 Другие варианты заглавия __
a Другие варианты заглавия Сказки про мышку
517 Другие варианты заглавия __
a Другие варианты заглавия Путешествие к дереву грамоты
517 Другие варианты заглавия __
a Другие варианты заглавия Санный праздник
517 Другие варианты заглавия __
a Другие варианты заглавия Как Зима с Весной силой мерялись
606 Тематические рубрики __
a Основная рубрика Образование. Педагогика
606 Тематические рубрики __
a Основная рубрика Дошкольная педагогика
610 Ключевые слова __
a Ключевые слова времена года
a Ключевые слова грамота
a Ключевые слова дети
a Ключевые слова детские праздники
a Ключевые слова детские сады
a Ключевые слова детские утренники
a Ключевые слова дошкольники
a Ключевые слова игры
a Ключевые слова игры для детей
a Ключевые слова младшие школьники
a Ключевые слова музыкальные игры
a Ключевые слова ноты
a Ключевые слова праздники
a Ключевые слова праздники для детей
a Ключевые слова развлечения
a Ключевые слова святые
a Ключевые слова сказочные персонажи
a Ключевые слова сценарии
a Ключевые слова сценарии праздников
a Ключевые слова театрализованные праздники
a Ключевые слова утренники
686 Индексы других классификаций __
2 Код системы rubbks
a Классификационный индекс 74.100.58; В74.1
700 Автор _1
a Фамилия Картушина
b Имя М. Ю.
g Полное личное имя Марина Юрьевна
4 Код отношения 070
801 Источник записи _0
a Страна RU
b Организация Муниципальное бюджетное учреждение культуры "Централизованная библиотечная система" г. Сургут (Центральная городская библиотека им. А. С. Пушкина)
c Дата составления 20151006
g Правила каталогизации КиК/Коробейникова
801 Источник записи _1
a Страна RU
b Организация Муниципальное бюджетное учреждение культуры "Централизованная библиотечная система" г. Сургут (Центральная городская библиотека им. А. С. Пушкина)
c Дата составления 20151006
g Правила каталогизации КиК/Коробейникова
852 Данные о местонахождении __
j Шифр хранения 74.100.58
i Авторский знак К 27
901 Тип документа __
t Тип документа x
903 Характеристики (МАРС) __
a Дата передачи 20151007
969 Тип издания __
a Тип издания сборник
990 Данные о заказе (DOS) __
j Количество экземпляров (DOS) 7
t N записи в КСУ для И/У (DOS) 201510